Category Elimination - Oceania - Statistics

General Stats
  • This quiz has been taken 287 times
  • The average score is 6 of 10
Answer Stats
Group # Category % Correct
Green 28 Oceanian countries and capitals
100%
Green 18 ... which starts with N-Z
99%
Orange 45 Oceanian countries and dependent territories (According to wikipedia)
92%
Green 6 ... which is located in the subregion of Micronesia
74%
Green 4 ... which has a population of less than 15,000
66%
Green 1 ... and is a country Nauru
64%
Orange 20 ... with a population of less than 10,000
37%
Orange 13 ... which is not a territory of the United States
36%
Orange 4 ... which is greater than 100 square kilometres
28%
Orange 1 ... with over 100,000 tourists each year (pre-covid) Easter Island
8%
No matching quizzes found
Score Distribution
Percent of People with Each Score
Percentile by Number Answered
Your Score History
You have not taken this quiz